Terapia ocupacional y exclusión social : hacia una praxis basada en los derechos humanos /

Bibliographic Details
Main Author: Navarrete Salas, Erna (Author)
Format: Electronic eBook
Language:Spanish
Published: Santiago de Chile : Editorial Segismundo, [2015]
Subjects:
Online Access:Digitalia Hispánica

MARC

LEADER 00000nam a2200000Ii 4500
001 DIGSEGISMD0017
003 NyNyDIG
007 cr |||||||||||
008 221217s2015 cl ob 000 0 spa d
006 m o d
020 |a 9789569544644  |q eBook 
020 |z 9789569544149 
035 |a (OCoLC)1367361003 
040 |a DGITA  |b eng  |e rda  |e pn  |c DGITA 
050 1 4 |a BF636 ebook 
100 1 |a Navarrete Salas, Erna,  |e author. 
245 1 0 |a Terapia ocupacional y exclusión social :  |b hacia una praxis basada en los derechos humanos /  |c Erna Navarrete Salas [and 4 others] 
264 1 |a Santiago de Chile :  |b Editorial Segismundo,  |c [2015] 
300 |a 1 online resource. 
336 |a text  |b txt  |2 rdacontent 
337 |a computer  |b c  |2 rdamedia 
338 |a online resource  |b cr  |2 rdacarrier 
347 |a text file  |2 rdaft 
347 |b EPUB 
504 |a Includes bibliographical references. 
588 0 |a Online resource; title from ePub title page (Digitalia, viewed December 17, 2022) 
650 0 |a Psychology, Applied.  
650 0 |a Psychology, Industrial. 
650 0 |a Social justice. 
791 2 |a Digitalia (Firm),  |e distributor. 
793 0 |g Digitalia eBook Collection:  |a Editorial Segismundo 
776 0 8 |i Print version:  |a Navarrete Salas, Erna.  |t Terapia ocupacional y exclusión social.  |b Primera edición.  |d Santiago de Chile : Editorial Segismundo, [2015]  |z 9789569544149 
856 4 0 |3 Digitalia Hispánica  |u https://www.digitaliapublishing.com/a/50482/ 
910 |a Premium collection: 2022